00590 2200181 4500001002100000005001500021035002000036245013900056100002000195250002000215300005500235856002200290260003400312082001100346084001700357020002200374600001200396INLIS00000000114827720260416102654 a0010-04260001221 aISLAMISASI KERAJAAN GOWA :bPeranan Kerajaan Gowa Pertengahan Abad XVI Sampai Pertengahan Abad XVII /cPenulis; Prof. Ahmad M. Sewang,0 aAhmad M. Sewang aCetakan Pertama axviii, 206 hlm :bIlustrasi ;c14 x 21 cmeKertas aPerpustakaan Umum aGOWA :bPusaka Almaida,c2020 a959.84 a959.84 AHM i a978-623-226-159-4 4asejarah